000 00659nam a2200229Ia 4500
008 191130s1999##################000#0#eng##
020 _a199636044
022 _a98052907
040 _aACL
_cACL
082 _a579.3135 BAU
245 _aProkaryotic gene expression
_cedited by Simon Baumberg
260 _aOxford
_bOxford University Press
_c1999
300 _axx, 325 p. : ill. ; 26 cm
500 _aIncludes bibliographical references and index
650 _aGene expression
650 _aMicrobial genetics
650 _aProkaryotes
700 _aBaumberg, S
990 _ace45fde6ac10000c3d8db32d466ee32c
991 _a235752
999 _c45747
_d45747